The ebony tower / (Record no. 2540)

MARC details
000 -LEADER
fixed length control field 00920pam a2200241 4500
001 - CONTROL NUMBER
control field 2540
003 - CONTROL NUMBER IDENTIFIER
control field FISKH
005 - DATE AND TIME OF LATEST TRANSACTION
control field 20231214153631.0
008 - FIXED-LENGTH DATA ELEMENTS--GENERAL INFORMATION
fixed length control field 740605s1974 mau 000 1 eng
010 ## - LIBRARY OF CONGRESS CONTROL NUMBER
LC control number 74010952
020 ## - INTERNATIONAL STANDARD BOOK NUMBER
International Standard Book Number 0316290939
040 ## - CATALOGING SOURCE
Original cataloging agency DLC
Transcribing agency DLC
Modifying agency DLC
Language of cataloging eng
050 00 - LIBRARY OF CONGRESS CALL NUMBER
Classification number PZ4.F788
Item number Eb3
Classification number PR6056.O85
082 00 - DEWEY DECIMAL CLASSIFICATION NUMBER
Classification number 823/.9/14
100 1# - MAIN ENTRY--PERSONAL NAME
Personal name Fowles, John,
Dates associated with a name 1926-2005.
245 14 - TITLE STATEMENT
Title The ebony tower /
Statement of responsibility, etc. John Fowles
250 ## - EDITION STATEMENT
Edition statement This edition published in 1975
260 ## - PUBLICATION, DISTRIBUTION, ETC.
Place of publication, distribution, etc. Massachusetts :
Name of publisher, distributor, etc. Little, Brown,
Date of publication, distribution, etc. 1974
300 ## - PHYSICAL DESCRIPTION
Extent 291 pages :
Dimensions 18 cm
520 ## - SUMMARY, ETC.
Summary, etc. The Ebony Tower, comprising a novella, three stories, and a translation of a medieval French tale, echoes themes from John Fowles's internationally celebrated novels as it probes the fitful relations between love and hate, pleasure and pain, fantasy and reality.
906 ## - LOCAL DATA ELEMENT F, LDF (RLIN)
a 7
b cbc
c orignew
d 1
e ocip
f 19
g y-gencatlg
942 ## - ADDED ENTRY ELEMENTS (KOHA)
Source of classification or shelving scheme Dewey Decimal Classification
Koha item type Books
Suppress in OPAC No
Holdings
Withdrawn status Lost status Source of classification or shelving scheme Damaged status Not for loan Collection Home library Current library Shelving location Date acquired Total Checkouts Full call number Barcode Date last seen Price effective from Koha item type
    Dewey Decimal Classification     Fiction Footprints International School Library Network Toul Kork Campus Footprints International School Library Network Toul Kork Campus   12/14/2023   FOW Fic PR6056.O85 FISSE04461 12/14/2023 12/14/2023 Books